000 01032nam0a22002411 4500
001 rc\2880003
005 20250529213312.0
035 _a(NLR Aleph) 007032895
090 _a6020947
_c6020947
100 _a20110719d1927 |||y0rusy50 ca
101 0 _arus
102 _aRU
105 _ay g |||||
200 1 _aОтветственность красноармейца дисциплинарная, уголовная и материальная
_eПособие для ведения справочной работы в частях РККА
_fВ. Канн
210 _aМосква
_cВоенный вестник
_d1927
_gтипо-литогр. школы ФЗУ им. Борщевского
215 _a83, [3] с., [1] с. объявл.
_d18х11 см
225 1 _aВоенно-юридическая библиотека
_vВып. 7
700 1 _aКанн
_bВ.В.
_gВячеслав Вячеславович
801 0 _aRU
_bNLR
_gpsbo
801 1 _aRU
_bELAR
_2rusmarc
852 _aNLR
_j72/846(7)
942 _cBOOK
980 _aNB